000 00833cam a2200133 4500500
005 20251012003851.0
041 _afre
042 _adc
100 1 0 _aMichaud, Yves
_eauthor
245 0 0 _aLa vie
260 _bOdile Jacob,
_c2002.
520 _aLes grandes questions que pose la vie : le problème de sa définition, les théories de l’évolution, la génétique, les maladies et les thérapies. L’Université de tous les savoirs : une approche contemporaine des différents domaines de la connaissance dans un esprit qui est à la fois celui du bilan encyclopédique et celui du questionnement d’avenir. Contributions, notamment, d’Antoine Danchin, Jean Gayon, Louis-Marie Houdebine, François Jacob, André Langaney.
856 4 1 _uhttps://shs.cairn.info/la-vie--9782738111227?lang=fr&redirect-ssocas=7080
999 _c1513505
_d1513505